00389 a2200109 4500001001000000005001700010008004100027245009000068100002100158700002400179773007600203ART_4953420260410162014.0260409a 10aLa defensa de los usuarios de servicios públicos esenciales en el ámbito judicial1 aMielnicki, Diego1 aRoitman, Facundo J.0 tTemas de derecho administrativog- Año 4, N° 9 (sep. 2019)wREV40468